Zoology (Record no. 7190)
[ view plain ]
| 000 -LEADER | |
|---|---|
| fixed length control field | 00400nam a2200157Ia 4500 |
| 003 - CONTROL NUMBER IDENTIFIER | |
| control field | OSt |
| 005 - DATE AND TIME OF LATEST TRANSACTION | |
| control field | 20240104101058.0 |
| 008 - FIXED-LENGTH DATA ELEMENTS--GENERAL INFORMATION | |
| fixed length control field | 230105s9999||||xx |||||||||||||| ||und|| |
| 040 ## - CATALOGING SOURCE | |
| Transcribing agency | Chuka University Library |
| 050 ## - LIBRARY OF CONGRESS CALL NUMBER | |
| Classification number | QL 47.2 |
| Item number | M55 2002 |
| 100 ## - MAIN ENTRY--PERSONAL NAME | |
| Personal name | Miller,Stephen A. and John P. Harley |
| 9 (RLIN) | 3581 |
| 245 #0 - TITLE STATEMENT | |
| Title | Zoology |
| 250 ## - EDITION STATEMENT | |
| Edition statement | 5th ed |
| 260 ## - PUBLICATION, DISTRIBUTION, ETC. | |
| Place of publication, distribution, etc. | Boston |
| Name of publisher, distributor, etc. | McGrawhill |
| Date of publication, distribution, etc. | 2002 |
| 942 ## - ADDED ENTRY ELEMENTS (KOHA) | |
| Koha item type | Long Loan Books |
| Koha issues (borrowed), all copies | 1 |
| Source of classification or shelving scheme | Library of Congress Classification |
| Withdrawn status | Lost status | Source of classification or shelving scheme | Damaged status | Not for loan | Collection | Home library | Current library | Shelving location | Date acquired | Total Checkouts | Full call number | Barcode | Date last seen | Date last checked out | Copy number | Price effective from | Koha item type |
|---|---|---|---|---|---|---|---|---|---|---|---|---|---|---|---|---|---|
| Library of Congress Classification | General Collection Books | Main Campus Library | Main Campus Library | General Stacks | 05/01/2023 | 1 | QL 47.2 .M55 2002 | 8322/2012 | 23/10/2023 | 11/10/2023 | 7 | 05/01/2023 | Long Loan Books |
